| 000 | 00485 a2200169 4500 | ||
|---|---|---|---|
| 001 | 067007 | ||
| 003 | OSt | ||
| 005 | 20211025164138.0 | ||
| 008 | |||
| 082 |
_a826.7 _bA74S |
||
| 100 | 1 | _aAusten, Jane | |
| 245 | 1 |
_aJane Austen _cby Jane Austen |
|
| 260 |
_aDelhi _bIndia log _c2002 |
||
| 300 | _a335p. | ||
| 690 | _aEngland; Courtship; Young women; Sisters; Social classes; Manners and customs; Pride and prejudice (Austen, Jane); | ||
| 942 |
_2ddc _cBK |
||
| 999 |
_c995 _d995 |
||